| 000 | 00695cam a2200229 i 4500 | ||
|---|---|---|---|
| 001 | vtls000656325 | ||
| 005 | 20251020153810.0 | ||
| 008 | 040603s2004 ch 000 0dchi d | ||
| 015 | _atw93009806 | ||
| 020 |
_a9577272177 (平裝) : _cNT$200 |
||
| 040 |
_aCIP _bchi _dTKU |
||
| 041 | 0 | _achi. | |
| 050 | _aPL2878.A738 | ||
| 090 |
_a855.48 _b8633 |
||
| 100 | 1 |
_a梁燕城, _e著 |
|
| 245 | 1 | 0 |
_a窺探我心 : _b梁燕城真情手札 = Kui tan wo xin : Liang Yancheng zhen qing shou zha {ch} / _cLiang Yancheng. |
| 250 | _a初版. | ||
| 260 |
_a臺北市 : _b宇宙光全人關懷, _c2004[民93]. |
||
| 300 |
_a182面 ; _c21公分. |
||
| 440 | 0 |
_a梁燕城選集 ; _v4. |
|
| 942 |
_2lcc _cBK |
||
| 999 |
_c38947 _d38947 |
||